Most Hated Countries in the World - Statistics

General Stats
  • This quiz has been taken 2,921 times
  • The average score is 7 of 10
Answer Stats
Rank Country % Correct
1. United States
96%
4. Russia
91%
8. United Kingdom
83%
3. North Korea
80%
5. Germany
73%
9. India
67%
6. Japan
67%
2. Israel
58%
7. Mexico
58%
10. Belgium
15%
No matching quizzes found
Score Distribution
Percent of People with Each Score
Percentile by Number Answered
Your Score History
You have not taken this quiz